[Event "Abu Dhabi op 13th"]
[Site "Abu Dhabi"]
[Date "2003.08.23"]
[Round "7"]
[White "Gagunashvili, Merab"]
[Black "Kunte, Abhijit"]
[Result "1-0"]
[WhiteElo "2577"]
[BlackElo "2515"]
[Annotator "Golod,V"]
[PlyCount "65"]
[EventDate "2003.08.16"]
[EventType "swiss"]
[EventRounds "9"]
[EventCountry "UAE"]
[SourceTitle "CBM 097"]
[Source "ChessBase"]
[SourceDate "2003.11.11"]
[SourceVersion "1"]
[SourceVersionDate "2003.11.11"]
[SourceQuality "1"]

1. d4 Nf6 2. c4 e6 3. Nc3 Bb4 4. Qc2 O-O 5. a3 Bxc3+ 6. Qxc3 d6 7. Bg5 Nbd7 8.
f3 $5 {This idea more often was applied on the previous move.Besides White has
two main alternatives:} (8. Nf3 $5 {See comments to Mikhalchishin,A-Graf,A/
Leipzig,2002/CBM 89(1/2-1/2)(Golod,V)(37)}) ({and} 8. e3 $5 {You can see
annotations to game: Stefansson,H-Kortschnoj,V/Reykjavik,2003/CBM 94(0-1)
(Golod,V)(44)}) 8... c5 $6 {The too risky decision.Repeatedly were checked up
in previous games:} (8... d5 $5 {(also you can receive the same position with
rearrangement of moves: 7.f3 d5 8.Bg5 Nbd7) See comments to Gurevich,M-Psakhis,
L/Ohrid,2001/CBM 84(0-1)(Psakhis,L)(41)}) (8... b6 $5) ({and} 8... h6 $5) 9.
dxc5 $5 {In my opinion,this continuation is better,than:} (9. e4 e5 (9... Nxe4
$2 10. Bxd8 Nxc3 11. Be7 Re8 12. Bxd6 Na4 13. b3 {[%csl Ya4,Rc5][%cal Gb3a4,
Ya4c5]}) (9... Re8 $143 {[%csl Re1,Ye8][%cal Gf6e4]} 10. dxc5 dxc5 11. e5 $1
Ne4 $140 12. Bxd8 Nxc3 13. Bc7 $1 Na4 14. O-O-O {+/=/+/-}) 10. dxe5 (10. d5 $5)
10... dxe5 $13) 9... Nxc5 ({On:} 9... dxc5 $5 {you can find two games in Mega
Database 2003.}) 10. Rd1 $5 $146 {[%csl Rd6][%cal Gg5f6]} ({The same position,
with rearrangement of moves,has met in two games:} 10. Bxf6 gxf6 11. b4 Na4 12.
Qb3 Bd7 13. e3 $14 {Van Scheltinga,T-Stahlberg,G/Birmingham,1951(1/2-1/2)(40)})
(10. Nh3 $6 Ncd7 (10... e5 $5) 11. e3 Qc7 12. Rc1 b6 13. Be2 Bb7 14. O-O Rac8 {
+/=/= Duebon,P-Wetzel,G/Hassloch,1998(1/2-1/2)(35)}) ({Leads to favourable
simplifications for Black:} 10. Bxf6 $6 Qxf6 11. Qxf6 gxf6 12. O-O-O Rd8 13. b4
Na4 $13) 10... e5 ({Is more interesting alternative:} 10... a5 $5 {[%csl Rd6]
[%cal Ya8a6,Ya6d6]} 11. Bxf6 {[%csl Rd6]} gxf6 12. b4 axb4 13. axb4 Na6 {
[%csl Rb4]} (13... Na4 $143 14. Qd4 {[%csl Rd6]} Ra6 $140 $6 15. c5 {[%csl Ra6,
Rd6,Rd8][%cal Ge2e4]}) 14. c5 d5 15. e4 Qe7 $14 {[%csl Re1]}) 11. b4 $14 Ne6 ({
Very dubiously:} 11... Na4 {in view of:} 12. Qc2 {[%csl Ra4,Gc2,Gc4,Gd1,Rd6,
Rd8,Gg5]}) 12. Bxf6 Qxf6 $5 {The passive defense is already too dangerous,
after:} (12... gxf6 13. e3 {[%cal Yg1e2,Ye2g3] White receive a big positional
advantage.} (13. Nh3 $5 {[%cal Yh3f2,Yf2e4]})) 13. Rxd6 b6 $6 {It was
necessary to decide on the more active continuation:} (13... Qe7 $5 14. Rd5
$140 (14. Qxe5 $143 Qh4+ 15. g3 Qxc4 $44) 14... e4 $1 $14) 14. e3 Bb7 15. Nh3
Qg6 ({After:} 15... Rfd8 16. Rxd8+ Rxd8 17. Be2 {[%cal Ye1g1,Yh1f1] White can
finish the development,and the material advantage (P) gradually will decide a
game.}) 16. Kf2 $1 {From my point of view,it's best move in this position!} (
16. Qxe5 $143 Qb1+ 17. Kf2 Qa2+ {[%csl Ra3,Rf2]} 18. Be2 Qxa3 19. b5 {+/=/+/-})
(16. e4 $6 Qh5 {/\Rfd8 (><d4) with some compensation over pawn.}) 16... Qh5 ({
Hardly it was better:} 16... Qb1 17. Rg1 $16 {[%cal Gf1e2]} (17. Qxe5 $143 Qa2+
{[%csl Ra3,Rf2] -this line transfers to 16.Qxe5})) 17. Be2 Qh4+ {Abhijit Kunte
had a rather uneasy choice between it and another continuation:} (17... e4 18.
f4 (18. Nf4 $143 Nxf4 19. exf4 $14) 18... Qh4+ 19. Kf1 $1 (19. Kg1 $143 Rfd8
20. Rxd8+ Rxd8 21. Nf2 Qf6 $1 $14 {[%csl Yc3,Rd2,Gd8,Gf6][%cal Yc3d2]}) 19...
Rfd8 20. Rxd8+ Rxd8 21. Nf2 {/\g3,Kg2 +/-}) 18. Kf1 Rfd8 $6 {Absolutely
unjustified sacrifice of the second pawn.} (18... e4 $142 19. f4 {/\Nf2,g3}
Rfd8 {and this line transfers to 17...e4}) 19. Qxe5 Rxd6 20. Qxd6 Rd8 21. Qg3
$16 {[%cal Yf1f2] The important intermediate move! Now White can finish the
development.} Qf6 ({Probably,it was necessary:} 21... Qxg3 22. hxg3 Rd2 23. Kf2
Ra2 24. Rd1 Rxa3 25. Nf4 $16 {<->d;עg8}) 22. Kf2 Qb2 ({Senselessly:} 22... Rd2
{in view of:} 23. Rd1 {[%csl Rg8][%cal Gg3b8]}) 23. Ng5 $1 {For White it is
certainly favourable to exchange these knights.} (23. Nf4 $143 Nf8 {[%csl Ra3]}
) 23... Nxg5 $6 ({Also dubiously:} 23... Rd2 $6 {in view of:} 24. Re1 {[%csl
Rg8]} Nf8 $140 (24... Nd8 25. Qc7 {[%csl Rb7,Gc7,Rf7][%cal Gg5f7,Yd8f7,Yd8b7]})
25. Qb8 {[%csl Ra7,Rb7,Rf8][%cal Gg5h7]}) (23... Nf8 $142 24. Qc7 {[%csl Rb7,
Rf7]} Rd7 25. Qb8 h6 (25... Qxa3 $143 26. Rd1 Rxd1 27. Bxd1 Bc6 28. Nxh7 Qxb4 (
28... Kxh7 29. Qxf8 $18 {[%csl Rf7,Rh7][%cal Yf8b4,Gd1c2]}) 29. Nxf8 Qxf8 30.
Qxa7 $18) 26. Nh7 $1 Kxh7 27. Qxf8 Qxa3 28. Rd1 $1 {[%csl Rf7,Rh7]} Rxd1 29.
Bxd1 Qb2+ 30. Be2 {[%csl Ra7,Rb7,Rf7][%cal Gf8b8] +/-/+-}) 24. Qxg5 Rd2 ({
I do not think that it was much better:} 24... f6 25. Qb5 {[%csl Rg8][%cal
Yb5e8,Gc4c5]} Kf8 (25... Qxa3 26. Rd1 {[%csl Rg8] <->d}) 26. a4 $5 Rd2 27. Re1
{[%csl Rb7][%cal Ga4a5,Gc4c5]} Bc8 28. Qc6 $18) 25. Re1 h6 (25... g6 26. Qe7 {
[%csl Ra7,Rb7]}) ({Loses a game right away:} 25... Qxa3 $2 {in view of:} 26.
Qe5 $1 $18 {[%csl Rb7,Rg8][%cal Ge5b8]}) 26. Qe7 $18 {[%csl Ra7,Rb7,Rf7][%cal
Ge7e8]} Bc6 $8 (26... Ba6 $2 27. b5 {[%csl Ra6]}) 27. Qxa7 {The rest is the
matter of technics.} b5 {[%csl Re2]} ({After:} 27... Qe5 28. Qxb6 (28. Rd1 $5
Rxd1 29. Bxd1 Qxh2 30. Qxb6 Qh4+ {[%csl Rc4,Rf2]} 31. Ke2 Qxc4+ 32. Kd2 Bb5 (
32... Qd5+ 33. Qd4) 33. Qd8+ Kh7 34. Bc2+ g6 35. Qd3 $18) 28... Qxh2 {The
accuracy is necessary up to the end:} 29. e4 (29. Qxc6 $4 Qh4+ {[%csl Re1]} 30.
Kf1 (30. g3 Qh2+ 31. Kf1 Qh1+ $11) 30... Qh1+ 31. Kf2 Qh4+ $11) 29... Qh4+ 30.
Kf1 $18 {[%csl Yb6][%cal Yb6g1]}) 28. cxb5 Bd5 (28... Bxb5 $2 29. Qb8+ {
[%csl Rb5,Rg8]}) 29. b6 {[%cal Gb6b7,Gb7b8]} Kh7 (29... Bc4 $2 30. Qa8+ Kh7 31.
Qe4+ {[%csl Rc4,Rh7]}) {Now White has two possible ways to win a game:} 30. Qe7
({or} 30. b7 Bc4 31. b8=Q Rxe2+ 32. Rxe2 Qxe2+ 33. Kg3 $8 Qe1+ 34. Kf4 Qh4+ (
34... g5+ 35. Ke5 {[%csl Ya7,Yb8][%cal Ya7d4]}) 35. g4 Qxh2+ 36. Ke4 Qc2+ 37.
Ke5) 30... f5 ({Again impossibly:} 30... Bc4 $2 {because of:} 31. Qe4+) 31. b7
Bc4 32. b8=Q Bxe2 33. Qg3 {[%csl Yg3][%cal Yf2g1]} 1-0

[Event "RUS-Cup03 Geller Memorial"]
[Site "Moscow"]
[Date "1999.02.07"]
[Round "6"]
[White "Dragomarezkij, Evgeni"]
[Black "Malinin, Yuri"]
[Result "1-0"]
[WhiteElo "2486"]
[BlackElo "2324"]
[Annotator "Golod,V"]
[PlyCount "81"]
[EventDate "1999.02.10"]
[EventType "swiss"]
[EventRounds "9"]
[EventCountry "RUS"]
[SourceTitle "CBM 070"]
[Source "ChessBase"]
[SourceDate "1999.06.08"]
[SourceVersion "1"]
[SourceVersionDate "1999.06.08"]
[SourceQuality "1"]

1. d4 Nf6 2. c4 e6 3. Nc3 Bb4 4. Qc2 O-O 5. a3 Bxc3+ 6. Qxc3 Ne4 7. Qc2 f5 8.
Nh3 $5 ({Other lines are:} 8. g3 $5 {-see comments to Virovlansky,S-Ibragimov,
I/Nizhnij Novgorod,1998/CBM 66(0-1)(Golod,V)(54)}) ({and} 8. e3 $5 {-see
comments to Kruppa,Y-Nosenko,A/Donetsk,1998/CBM 68(1-0) (Golod,V)(48)}) 8... b5
$6 $146 ({Black has several options:} 8... d6 $5 {-see comments to Pelletier,
Y-Adams,M/Lucerne,1997/CBM 62(1/2-1/2)(Tsesarsky)(50)}) (8... Nc6 $5 {-see
comments to Sokolov,I-De Firmian,N/New York CITS,1996/CBM 52/(1/2-1/2)(Dautov)
(23)}) (8... d5 $6) (8... c5 $6) ({and} 8... b6 $5 {-see comments to Lima,
D-Izeta Txabarri,F/Leon,1996/CBM 54(1-0)(Dautov) (47)}) 9. f3 $5 ({Slightly
worse is:} 9. cxb5 {in view of :} c6 $5 (9... a6 $143 10. f3 Nd6 (10... Nf6 11.
Bf4 d6 12. Rc1 $16) 11. Bg5 $16) 10. f3 Nd6 $14 (10... Nf6 {-transfers to 9.f3}
)) 9... Nf6 ({In my opinion better is:} 9... Nd6 $5 10. Bg5 (10. c5 Nf7 11. e4
Nc6 12. Be3 a6 $14) 10... Qe8 11. cxb5 Nxb5 12. e3 c6 $14) 10. cxb5 $14 ({
Senseless:} 10. e4 {because of:} fxe4 11. fxe4 bxc4 12. e5 (12. Bxc4 $143 d5
$13) 12... Nd5 13. Bg5 Qe8 14. Bxc4 Bb7 $132) 10... c6 (10... a6 $143 11. Bf4
d6 12. Rc1 $16) 11. bxc6 ({Badly:} 11. e3 cxb5 $140 12. Bxb5 $4 Qa5+ {[%csl
Rb5,Re1]}) 11... Nxc6 12. e3 Nd5 $5 ({Also possibly:} 12... Bb7 $5 13. Bd3 Rc8
14. Qd1 $1 {+/=/+/-}) 13. Bd3 f4 $6 ({Also dubious:} 13... Ba6 14. O-O Bxd3 ({
Loses:} 14... Ncb4 $2 15. axb4 Nxb4 16. Qb3 {[%csl Ra6,Rb4]} Bxd3 17. Qxb4 Bxf1
18. Kxf1 $18) 15. Qxd3 $16) ({Can be recommended:} 13... Bb7 $5 {/\Rc8}) 14.
O-O $5 (14. Bxh7+ $143 Kh8 15. Be4 $6 (15. O-O $5) (15. Bg6 $5 {/\0-0}) 15...
fxe3 (15... Qh4+ $2 16. Qf2 $18) (15... Ba6 $2 16. Bxd5 $18) 16. Bxd5 Qh4+ $1 (
16... Qa5+ $2 17. Qc3 Qxd5 18. Bxe3 $18) (16... exd5 $2 17. Bxe3 Re8 18. Kd2
$16) 17. g3 Qxh3 18. Bxc6 dxc6 19. Qe2 a5 $1 20. Bxe3 Ba6 $44 {[%csl Ga6,Re1]})
(14. Nxf4 $143 Nxf4 ({Loses right away:} 14... Nxd4 $2 15. Bxh7+ Kh8 16. Ng6+
Kxh7 17. Nxf8+ $18) 15. exf4 Nxd4 (15... Qh4+ $143 16. g3 Qh3 17. Be3 Bb7 $16)
16. Bxh7+ Kh8 17. Qd3 Qb6 $1 $132 {[%csl Rb3][%cal Gc8a6]}) 14... fxe3 ({
Worse is:} 14... Nxe3 15. Bxh7+ Kh8 16. Bxe3 fxe3 17. Be4 Nxd4 $140 18. Qc5 {
[%csl Rd4,Rh8][%cal Gc5d4,Gc5h5]} Ne2+ (18... d5 19. Qxd4 dxe4 20. Qxe4 $16)
19. Kh1 d5 20. Bd3 Nf4 21. Nxf4 Rxf4 22. Qxe3 $16) 15. Bxh7+ Kh8 16. Be4 Nxd4 (
16... Ba6 $2 {is refuted by:} 17. Bxd5 $1 Bxf1 (17... exd5 $143 18. Bxe3 $1
Bxf1 $140 19. Ng5 $18 {[%csl Rh8]}) 18. Bxc6 Rc8 (18... dxc6 19. Kxf1 Qxd4 20.
Ng5 Rf5 21. Qe2 $5 (21. Ne4 $5) 21... Rxg5 22. Bxe3 Qf6 23. Bxg5 Qxg5 24. Qxe6
$18) 19. Bxe3 $1 Rxc6 $140 20. Qg6 Rf6 21. Qh5+ $18) 17. Qa4 ({Badly:} 17. Qd3
$2 {because of:} Qb6 18. Bxd5 $5 (18. Bxe3 $6 Nxe3 19. Qxe3 d5 20. Bd3 e5 $36)
18... e2 19. Be3 exf1=Q+ 20. Rxf1 Ba6 $1 (20... exd5 $143 21. Bxd4 $36) 21.
Qxd4 Qxd4 22. Bxd4 exd5 $11) 17... Qb6 $5 {[%csl Gb6,Rg1]} (17... Qh4 $2 {
[%cal Ge3e2] is refuted by:} 18. Qxd4 $1 e2 $140 19. Bg5 $1 exf1=Q+ 20. Rxf1
Qh5 21. Qd3 $1 $18 {[%csl Rh8][%cal Ge4g6]}) ({Very interestingly:} 17... Ne2+
18. Kh1 $140 Qh4 $1 $14) 18. Re1 (18. Bxd5 $143 e2 19. Be3 exf1=Q+ 20. Rxf1
exd5 21. Bxd4 Qg6 $13) 18... Nf5 $2 {After this move white has big advantage.}
({Can be recommended:} 18... e2 19. Nf2 Ba6 $14) 19. Bxf5 $1 $16 {[%cal Ga4h4]}
Rxf5 (19... exf5 20. Qh4+ Kg8 (20... Qh6 $143 21. Qxh6+ gxh6 22. Bxe3 $18 {_|_}
) 21. Ng5 Qh6 22. Qd4 $1 Bb7 23. f4 {[%csl Re3] /\Be3+/-}) 20. Qh4+ Kg8 21. Ng5
{[%csl Rg8][%cal Gh4h7]} Rxg5 $6 ({Slightly better is:} 21... e2+ 22. Kh1 Nf6
23. Rxe2 Ba6 24. Be3 $1 Qb3 $140 25. Bd4 $1 {[%csl Yf6,Rg8]} Bd3 (25... Bxe2 $2
26. Bxf6 Rxf6 27. Qh7+ Kf8 28. Qh8+ Ke7 29. Qxg7+ $18) 26. Ree1 {+/-/+-}) 22.
Qxg5 e2+ 23. Kh1 Ba6 24. Qg4 $5 {White's plan is:Bh6 or b4,Bb2,Rac1} Rf8 25. b4
Qf2 $2 {Stroke fault!} (25... Ne3 $8 {[%csl Ra1,Re1][%cal Ge3c2]} 26. Bxe3 (26.
Qe4 $2 Nd1 $36 {[%csl Re4,Rh1]}) (26. Qg6 $6 Nd1 27. h3 Nf2+ 28. Kh2 Qd6+ $1
29. Qg3 Qxg3+ 30. Kxg3 Nd3 $14) 26... Qxe3 $16) 26. Bb2 {[%csl Rf2,Rg8][%cal
Gg4g7,Gb2d4]} Rf7 (26... Nf6 $144 27. Qd4 Qxd4 28. Bxd4 $18) 27. Bd4 Qf1+ $8 (
27... Ne3 $143 28. Qg5 $18 {[%csl Re3][%cal Yg5g2,Gg5e3]}) 28. Rxf1 exf1=Q+ 29.
Rxf1 Bxf1 30. Kg1 $18 {The rest is the matter of technics.} Bd3 31. Bxa7 e5 32.
Qg5 Bf5 33. Bc5 {/\a4-a5 or b5,b6} Nf4 34. Bd6 {[%csl Re5]} (34. Qd8+ Kh7 35.
Bd6 Nd3 {transfers to-34.Bd6}) 34... Nd3 35. Qd8+ Kh7 36. Qh4+ Kg8 ({Loses
right away:} 36... Kg6 37. g4 Be6 38. Qh5+ Kf6 39. g5+ Kf5 40. g6+ {[%csl Rf7]}
) 37. Qc4 {[%csl Rf7][%cal Gb4b5]} g5 38. b5 Kg7 39. b6 Rf6 40. b7 Rxd6 41.
b8=Q 1-0

[Event "Guillermo Garcia Memorial-A 08th"]
[Site "Santa Clara"]
[Date "2000.06.01"]
[Round "7"]
[White "Vera Gonzalez Quevedo, Reynaldo"]
[Black "Roeder, Mathias"]
[Result "1-0"]
[WhiteElo "2546"]
[BlackElo "2413"]
[Annotator "Golod,V"]
[PlyCount "53"]
[EventDate "2000.05.24"]
[EventType "tourn"]
[EventRounds "13"]
[EventCountry "CUB"]
[EventCategory "9"]
[SourceTitle "CBM 078"]
[Source "ChessBase"]
[SourceDate "2000.10.18"]
[SourceVersion "1"]
[SourceVersionDate "2000.10.18"]
[SourceQuality "1"]

1. d4 Nf6 2. c4 e6 3. Nc3 Bb4 4. Qc2 O-O 5. a3 Bxc3+ 6. Qxc3 Ne4 7. Qc2 f5 8.
Nh3 $5 ({Other lines are:} 8. g3 $5 {See comments to Golod,V-Tsesarsky,I/ISR,
2000(1-0) (Golod,V)(66)}) ({and} 8. e3 $5 {See comments to Kruppa,Y-Nosenko,A/
Donetsk,1998/CBM 68 (1-0)  (Golod,V)(48)}) 8... d6 $5 {Besides this move black
has five options:} (8... Nc6 $5 {See comments to Sokolov,I-De Firmian,N/ New
York CITS,1996/CBM 52(1/2-1/2) (Dautov)(23)}) (8... b6 $5 {See comments to
Lima,D-IzetaTxabarri,F/ Leon,1996/CBM 54(1-0)(Dautov)(47)}) (8... b5 $6 {
See comments to Dragomarezkij,E-Malinin,Y/Moscow,1999/ CBM 70(1-0)(Golod,V) 
(41)}) (8... d5 $6) ({and} 8... c5 $6) 9. f3 $5 ({Another alternative is:} 9.
b3 $5 {You can see comments to Knaak,R -Sjodahl,P/Germany,2000/CBM 76 (1-0)
(Golod,V)(32)}) 9... Nf6 10. Bd2 {[%mdl 4]} (10. e3 $5 {It's main line.See
comments to Sergienko,S-Volzhin,A/Samara,2000/CBM 78(1/2-1/2)(Golod,V)}) ({
Another possibility is:} 10. Bg5) 10... Qe7 $146 ({Was checked in the previous
game:} 10... a5 11. Bc3 Qe7 12. O-O-O e5 13. e3 e4 14. Qd2 b6 15. Nf4 Nc6 16.
Kb1 a4 17. h4 $14 {Dao Thien Hai-Pellaton,B/Bastia,1998(1-0) (32)}) 11. O-O-O {
White's plan is very simple:e3,probably Bd3 and attack in the king side.} Nbd7
({More than enough interestingly:} 11... b5 $5 12. cxb5 (12. e4 $5) 12... a6
$132) 12. e3 ({Senselessly and badly:} 12. e4 fxe4 13. fxe4 e5 $1 14. d5 $140
Nc5 $15 {[%csl Re4][%cal Gc8d7,Gd7a4]}) 12... b6 {/^a8-h1(control over point
e4)} 13. Nf4 Bb7 {[%cal Ge6e5] with the threat 14...e5.} 14. d5 $1 {Probably
it's best move.Differently,after:} (14. Bd3 $6 e5 15. dxe5 dxe5 16. Nh3 e4 {
black has a better position.}) 14... exd5 15. cxd5 Ne5 ({Badly:} 15... Nxd5 $2
{because of:} 16. Bc4 Qe5 (16... c6 $143 17. e4 fxe4 18. fxe4 b5 19. Ba2 Rac8
20. Kb1 $18) 17. e4 fxe4 18. fxe4 Rxf4 19. Bxf4 Qxf4+ 20. Kb1 N7f6 21. exd5 $16
) (15... Bxd5 $4 {is refuted by:} 16. Nxd5 Nxd5 17. Bc4 $18 {[%csl Rd5][%cal
Ge3e4]}) 16. Bc3 Rf7 $5 ({In my opinion it deserves attention:} 16... g5 17.
Ne6 $140 (17. Nh3 $143 h6 (17... Nxd5 $2 18. Qb3 $16 {[%csl Rd5,Rg8][%cal
Ge3e4]}) 18. f4 Neg4 $13 {[%csl Re3][%cal Ge7e3]}) 17... Nxd5 18. Nxf8 Nxe3 19.
Qb3+ Kxf8 20. Re1 Nxf1 21. Rexf1 (21. Qc2 $143 Ba6 22. Bxe5 dxe5 23. Qxf5+ Qf7
$13) 21... Nd3+ 22. Kb1 Re8 23. h4 $1 $14 {[%csl Rf8]}) 17. h4 Ng6 $2 {[%mdl
16384]} ({Can be recommended:} 17... Ned7 $5 $13 {[%csl Re3][%cal Ga8e8]}) 18.
Nxg6 hxg6 19. Qd2 {[%csl Gd2,Rd5]} Re8 ({Now impossibly:} 19... Nxd5 {in view
of:} 20. Bc4 c6 $8 (20... Nxe3 $2 21. Bxf7+ Kxf7 22. Qd4 $1 {[%csl Re3,Rg7]
[%cal Gd1e1,Gc3d2]} Nxd1 $8 (22... Qe5 23. Qxe5 dxe5 24. Rd7+ $18) 23. Qxg7+
Ke8 24. Qxg6+ Kd7 (24... Qf7 25. Re1+ Be4 $8 (25... Kf8 $2 26. Qh6+ Kg8 27.
Qh8#) 26. fxe4 $1 Nxc3 (26... Qxg6 27. exf5+ Kf8 28. fxg6 $18) 27. exf5+ Kf8
28. bxc3 $18)) 21. h5 $40) ({Loses right away:} 19... Bxd5 $4 20. Bxf6 $18 {
[%csl Rd5]}) 20. Bb5 $1 Nd7 ({Another options is:} 20... Rd8 21. h5 $1 Nxh5 (
21... gxh5 22. Bxf6 Rxf6 23. Rxh5 $40 {+/-}) 22. Rh3 {with the idea g4 and
Rdh1->}) 21. Bxd7 ({Also good enough:} 21. h5 $5) 21... Qxd7 22. h5 $40 {
[%mdl 128] +/-} gxh5 ({More stubborn resistance after:} 22... g5 23. h6 g6 24.
e4 $16 {[%csl Rg8]} (24. Qd4 $143 Kh7)) 23. Rxh5 {[%csl Rg8][%cal Gd1h1]} Kf8
$6 ({It is necessary:} 23... Rfe7 24. Rdh1 Rxe3 25. Rh8+ Kf7 26. R1h7 Rxc3+ (
26... Kg6 27. Rxg7+ Qxg7 28. Rxe8 Qxc3+ 29. bxc3 Rxe8 $16 {_|_}) 27. Qxc3 Rg8
28. g4 $1 $16 {[%csl Rf7]}) 24. e4 $1 $18 f4 (24... fxe4 $2 25. Rh8+ Ke7 26.
Qg5+ Rf6 27. Qxg7+ Rf7 28. Qg5+ Rf6 29. Qxf6#) 25. Qf2 {[%csl Ye7,Rf8][%cal
Gf2h4,Yh4e7]} Qd8 (25... g5 26. Rxg5 $18 {[%csl Rf8][%cal Gd1h1]}) 26. Rh8+ Ke7
27. Qh4+ {Whole this game and especially its final part Reynaldo Vera
conducted very strong.} (27. Qh4+ Rf6 (27... Kd7 28. Qg4+ Ke7 29. Qe6#) (27...
g5 28. Qxg5+ Kd7 29. Qg4+ Ke7 30. Qe6#) 28. Bxf6+ Kf7 (28... gxf6 29. Qh7#) 29.
Bxd8 {and mate in 5 moves.}) 1-0